| 000 | 00648nam a2200205Ia 4500 | ||
|---|---|---|---|
| 003 | OSt | ||
| 005 | 20251115101422.0 | ||
| 008 | 210210b2019 xxu||||| |||| 00| 0 eng d | ||
| 040 | _cAL | ||
| 041 | _aKannada | ||
| 082 | _a658.3K YATM | ||
| 100 |
_aYATHIRAJU (K) _971615 _dಯತಿರಾಜು (ಕೆ) |
||
| 245 |
_aManava Sampanmula nirvahane _bಮಾನವ ಸಂಪನ್ಮೂಲ ನಿರ್ವಹಣೆ |
||
| 260 |
_aKundapura _bPhoenix House _c2019 |
||
| 300 | _a176 | ||
| 690 |
_aHuman Resource Management _971616 |
||
| 700 |
_aGIRISH SHANBHOGUE _971617 _dಗಿರೀಶ್ ಶಂಭೋಗು . |
||
| 906 | _a073866 | ||
| 942 |
_2ddc _cBK |
||
| 999 |
_c123612 _d123612 |
||